000 00424nab a2200145Ia 4500
003 ES-SlBCS
005 20210601125453.0
008 140529s1985-86 xxu||||| |||| 00| 0 eng d
041 _aeng
100 1 _aWilsmore, S. J.
_9152061
245 0 4 _aThe Normative Structure of Art
_c S. J. Wilsmore
650 0 4 _aArte-Estructura
_9159025
773 0 _tReview of Methaphysics
_gvol. 39, 1985-86, págs. 415-432
_wRev843
942 _cAR
999 _c530856
_d530856